000 00688nam a2200181 4500
001 123366
003 ES-MaACL
005 20240523063035.0
007 t|
008 070214s1946 sp r ||||1| spa d
100 1 _aQuevedo, Francisco de,
_d1580-1645
_994591
245 1 0 _aEpistolario completo de Don Francisco de Quevedo /
_cedición crítica ( con extensas anotaciones, apéndices, documentos inéditos y una acabada bibliografía) de Luis Astrana Marín.
260 _aMadrid :
_bReus,
_c1946.
300 _aXLIX, 834 p., 2 lám. :
_b`retr. aut.` ;
_c20 cm +
_e8 facs.
700 1 _aAstrana Marín, Luis.
_923693
852 _aES-MaACL
_jC-4175
999 _c123366
_d123366